|
|
|
|
| LEADER |
00000nam0a2200000 4500 |
| 001 |
106248 |
| 005 |
20231101214647.0 |
| 035 |
|
|
|a (RuTPU)RU\TPU\book\114647
|
| 090 |
|
|
|a 106248
|
| 100 |
|
|
|a 20061202d1966 km y0rusy50 ca
|
| 101 |
0 |
|
|a rus
|
| 102 |
|
|
|a RU
|
| 105 |
|
|
|a a z 001zy
|
| 200 |
1 |
|
|a Техника бурения при разработке месторождений полезных ископаемых
|f К. И. Иванов [и др.]
|
| 210 |
|
|
|a Москва
|c Недра
|d 1966
|
| 215 |
|
|
|a 378 с.
|c ил.
|
| 320 |
|
|
|a Библиогр.: с. 370-376.
|
| 606 |
|
|
|a Бурение
|x Технико-экономические показатели
|2 stltpush
|3 (RuTPU)RU\TPU\subj\30250
|9 53381
|
| 610 |
1 |
|
|a горное дело
|
| 610 |
1 |
|
|a месторождения полезных ископаемых
|
| 610 |
1 |
|
|a разработка
|
| 610 |
1 |
|
|a перфораторы
|
| 610 |
1 |
|
|a пневмоударное бурение
|
| 610 |
1 |
|
|a шарошечные долота
|
| 610 |
1 |
|
|a ударное бурение
|
| 675 |
|
|
|a 622.24.082
|v 3
|
| 701 |
|
1 |
|a Иванов
|b К. И.
|g Константин Иванович
|
| 701 |
|
1 |
|a Ермоленко
|b М. И.
|g Михаил Иванович
|
| 701 |
|
1 |
|a Дусев
|b В. И.
|g Вячеслав Иванович
|
| 701 |
|
1 |
|a Андреев
|b В. Д.
|g Валентин Дмитриевич
|
| 801 |
|
1 |
|a RU
|b 63413507
|c 20061202
|g PSBO
|
| 801 |
|
2 |
|a RU
|b 63413507
|c 20180322
|g PSBO
|
| 942 |
|
|
|c BK
|